000 00658nam a2200193Ii 4500
003 JO-AjNU
008 230605s9999||||xx |||||||||||||| ||und||
040 _aJO-AjNU
_bara
_erda
_cJO-AjNU
041 _aara
050 1 4 _aCC70.D3612.1990
100 3 _aتأليف دانيال، كلين ؛ ترجمة ليون يوسف,
_eauthor
_918822
245 0 0 _aموسوعة علم الآثار، ج1
264 3 1 _aبغداد: دائرة الاعلام، 1990
300 _aج1، 316ص
336 _atext
_btxt
_2rdacontent
337 _aunmediated
_bn
_2rdamedia
338 _avolume
_bnc
_2rdacarrier
650 4 _aعلم الآثار -- دوائر معارف 
_918823
999 _aA6092
_c9660
_d9660